00587cam a22001813a 450000100060000000300060000600500170001200800410002904000150007004200070008510000500009224501130014226000290025550600300028451600200031483000290033485600420036340799PGUSA20140828083918.0120919s2012||||xxu|||||s|||||000 | eng d aPGUSAbeng adc1 aWomen, An Anti-Slavery Convention of American13aAn Address to Free Coloured Americansh[electronic resource] /cAn Anti-Slavery Convention of American Women bProject Gutenberg,c2012 aPublic domain in the USA. aElectronic text 0aProject Gutenbergv4079940uhttp://www.gutenberg.org/ebooks/40799